000 01298nam2a2200313 4500
001 RU\NLR\BIBL_A\012210142
005 20250806200543.0
035 _a(NLR Aleph) 012210142
090 _a62871
_c62871
100 _a20250806 rusy50
101 0 _acrh
102 _aRU
135 _acrgn 008anaba
200 0 _a1941, № 28 (4109) (2 марта)
210 _d1941
325 1 _aКопия доступна в электронной библиотеке РНБ
461 0 _1001RU\NLR\BIBL_A\012087356
_12001#$aКомсомолец$eКъырым область комсомол комитетининъ органы$v1941, № 28 (4109) (2 марта)
852 _aNLR
_bОНЛ
_jК.-тат.-г./1-7
856 0 _uhttp://vivaldi.nlr.ru/pn700014052/view
856 1 _uhttp://vivaldi.nlr.ru/pn700014052/cover
856 2 _uhttp://vivaldi.nlr.ru/pn700014052/text
901 _eГазеты
942 _cISSNP
945 _aРоссийская национальная библиотека
980 _aNB
980 _aBV
981 2 7 _a(27) Периодические издания
_b(27) Газеты